| 000 | 02118cam a22002054a 4500 | ||
|---|---|---|---|
| 005 | 20250605164352.0 | ||
| 008 | 250528s ||||||||||||||||||||||||d | ||
| 035 | _a24139 | ||
| 040 |
_aGR-AtMCL _bgre _dGR-AtMCL _eAACR2 |
||
| 245 | 1 | _aΦιλελεύθερη Έμφαση / Τριμηνιαία Επιθεώρηση του Ινστιτούτου Δημοκρατίας Κωνσταντίνος Καραμανλής | |
| 260 |
_bΙνστιτούτο Δημοκρατίας Κωνσταντίνος Καραμανλής, _c2002 |
||
| 300 | _a192 | ||
| 520 | _aΤα Προβήματα της Οικονομίας και η Οικονομική Πολιτική, Ακροδεξιά Στροφή ή Απαξίωση της Διακυβέρνησης, Στρατηγικός Εκπαιδευτικός Σχεδιασμός, Η Έρημη Χώρα της Ανώτατης Παιδείας, Η Ελληνική Γλώσσα: Πραγματικότητα και Προοπτικές, Το Μέλλον της Ελληνικής Γλώσσας, Η Ελληνική Γλώσσα, Η Γλώσσα και οι Εχθροί της, Οικονομικές και Κοινωνικές Επιπτώσεις της Παγκοσμιοποίησης, Πολιτικές Απασχόλησης, Συνθήκες Εργασίας και Σύγχρονες Τάσεις, Η Πολιτική και Νομική Σημασία της Τρομοκρατίας, Συμβούλιο Εξωτερικής Πολιτικής στην Ελληνική Διπλωματία: Ουσία ή Τύπος, Στοχαστική Πρόκληση για την Μελέτη και Κατανόηση των Διεθνών Σχέσεων, Η Πολιτική Ανάλυση και η Πολιτική Επιστήμη Σήμερα, Η Πολιτική Βιβλιοθήκης της Αρχαιότητας. | ||
| 700 | 1 |
_aΑνδριανός Γιάννης _99406 |
|
| 700 | 1 |
_aΜακρής Σπύρος _99407 |
|
| 700 | 1 |
_aΤσιμογιάννης Γρηγόρης _99408 |
|
| 942 | _cCR | ||
| 999 |
_c9037 _d9037 |
||